[Event "TORO (-1900)"]
[Site "Gatineau"]
[Date "2014.06.??"]
[Round "1"]
[White "Danis, Jacques"]
[Black "Tremblay, Mario"]
[Result "0-1"]
[BlackElo "1676"]
[WhiteElo "1530"]

1.e4 Nf6 2.e5 Nd5 3.d4 d6 4.c4 Nb6 5.exd6 cxd6 6.Bd3 g6 7.Ne2 Bg7 8.Nbc3 Nc6
9.Be3 O-O 10.O-O e5 11.d5 Ne7 12.f3 f5 13.Qd2 f4 14.Bf2 Bf5 15.Rac1 Bxd3
16.Qxd3 Rf5 17.Ne4 Qd7 18.g4 fxg3 19.N2xg3 Rf4 20.Be3 Rh4 21.Bg5 Rf4 22.Rc2
Rff8 23.b3 Nf5 24.Kg2 h6 25.Bc1 Rf7 26.Ba3 Raf8 27.Nxf5 gxf5 28.Nxd6 e4
29.Qe3 exf3+ 30.Qxf3 Rf6 31.c5 Nc8 32.Nxc8 Rxc8 33.Rcf2 Ra6 34.Bb4 Qb5 35.Qf4
Rf6 36.Qc4 Qd7 37.Qd3 Rcf8 38.c6 bxc6 39.Bxf8 Rxf8 40.Rxf5 Rd8 41.Rd1 c5
42.d6 Bd4 43.Qg3+ Kh7 44.Qf4 Rg8+ 45.Kh3 Rg5 46.Rf1 Kg6 47.Qxg5+ hxg5 48.Kg4
Be3 49.h4 gxh4 50.Rf3 h3 0-1